Bristol City Squad 2024-2025 - Statistics

General Stats
  • This quiz has been taken 47 times
  • The average score is 19 of 28
Answer Stats
# Position Nation Player % Correct
11 FW Albania Anis Mehmeti
91%
21 FW Bermuda Nahki Wells
91%
12 MF Ireland Jason Knight
86%
1 GK Ireland Max O'Leary
83%
10 MF English Scott Twine
83%
6 MF English Max Bird
80%
30 FW Ireland Sinclair Armstrong
80%
9 FW France Fally Mayulu
77%
2 DF Scotland Ross McCrorie
77%
7 FW Japan Yu Hirakawa
77%
14 DF Kenya Zak Vyner
74%
- Coach English Liam Manning
71%
3 DF English Cameron Pring
69%
24 DF English Haydon Roberts
69%
16 DF English Rob Dickie
69%
5 DF English Rob Atkinson
66%
8 MF English Joe Williams
63%
29 MF English Marcus McGuane
60%
20 FW English Sam Bell
60%
23 GK France Stefan Bajic
57%
40 MF English George Earthy
54%
19 DF English George Tanner
51%
4 DF Scotland Kal Naismith
51%
17 MF Ireland Mark Sykes
51%
27 FW English Harry Cornick
49%
15 DF Ireland Luke McNally
49%
32 GK Wales Lewis Thomas
37%
18 MF English Ayman Benarous
29%
No matching quizzes found
Score Distribution
Percent of People with Each Score
Percentile by Number Answered
Your Score History
You have not taken this quiz